00691nam a2200241 a 4500001001300000003000900013005001700022008004100039020001300080082001300093100002000106245002600126260004900152300000900201500003500210505002400245650001700269700002000286902000800306942000700314952011300321999001500434nice12345678IN_TiNIC20260116012148.0050524s1967 mica grp 000 0 eng  ac348.8800a232bTHO aThomas, Major W aSaving Life of Christ aMichigan bZondervan Publishing House c1967 a152p aincludes index and biblioraphy2 aBibliography, Index aJesus Christ1 aThomas, Major W bSRS cBK 001040708StackRoom-aHMIbHMId2007-06-18g348.88l0o232 THOp05673r2007-06-18v348.88w2005-05-24yBK c5891d5891